<?xml version="1.0" encoding="UTF-8"?>
<record
    xmlns:xsi="http://www.w3.org/2001/XMLSchema-instance"
    xsi:schemaLocation="http://www.loc.gov/MARC21/slim http://www.loc.gov/standards/marcxml/schema/MARC21slim.xsd"
    xmlns="http://www.loc.gov/MARC21/slim">

  <leader>02163    a2200241   4500</leader>
  <controlfield tag="001">43274</controlfield>
  <controlfield tag="005">20260407155717.0</controlfield>
  <controlfield tag="008">260407a1994    arg                 spa d</controlfield>
  <controlfield tag="003">AR-UNSa-BCEJYS</controlfield>
  <datafield tag="040" ind1=" " ind2=" ">
    <subfield code="a">AR-UNSa-BCEJYS</subfield>
    <subfield code="b">spa</subfield>
    <subfield code="c">AR-UNSa-BCEJYS</subfield>
  </datafield>
  <datafield tag="080" ind1=" " ind2=" ">
    <subfield code="a">657</subfield>
    <subfield code="x">Contabilidad</subfield>
  </datafield>
  <datafield tag="245" ind1="1" ind2="0">
    <subfield code="a">Contabilidad B&#xE1;sica</subfield>
    <subfield code="p">modelos de las resoluciones t&#xE9;cnicas N&#xBA; 6,8,9 y 10</subfield>
  </datafield>
  <datafield tag="020" ind1=" " ind2=" ">
    <subfield code="a">950-866-001-5</subfield>
  </datafield>
  <datafield tag="264" ind1=" " ind2="1">
    <subfield code="a">Buenos Aires :</subfield>
    <subfield code="b">Reisa</subfield>
    <subfield code="c">1994</subfield>
  </datafield>
  <datafield tag="300" ind1=" " ind2=" ">
    <subfield code="a">255 p.</subfield>
    <subfield code="c">28 cm.</subfield>
  </datafield>
  <datafield tag="505" ind1=" " ind2=" ">
    <subfield code="a">24.  Disponibilidades: Clasificaciones y plan de cuentas - 25. Disponibilidades: Ingresos por ventas al contado  e IVA - 26. Disponibilidades: Operaciones en moneda extranjera - 27. Disponibilidades: Conciliaciones bancarias - 28. Cr&#xE9;ditos: Clasifiaciones y plan de cuentas - 29. Cr&#xE9;ditos: Deudores y ventas a plazos con intereses explicitos - 30. Cr&#xE9;ditos: Deudores y ventas a plazos con intereses impl&#xED;citos - 31. Cr&#xE9;ditos: Gastos adelantados - 33. Bienes de Cambio: Clasificaciones y plan de cuentas - 34. Bienes de cambio: Compras al contado y costo de origen - 35. Bienes de cambio: Compras a plazos - 36. Bienes de cambio: Importaci&#xF3;n de mercader&#xED;as - 37. Bienes de cambio: Salida de existencias y costo de ventas - 38. Bienes de Uso: Clasificaciones y plan de cuentas - 39. Bienes de Uso: Compras, costo de origen y mejoras - 40. Bienes de Uso: Amortizaci&#xF3;n o depreciaci&#xF3;n - 41. Inversiones: Clasificaciones y plan de cuentas - 42. Inversiones: Compras, costo, tenencia y venta - 43. Bienes intangibles: Clasificaciones y plan de cuentas - 44. Bienes intangibles: Costo de origen y amortizaci&#xF3;n - 45. Deudas: Clasificaciones y plan de cuentas - 46. Deudas: Proveeedores y compras a plazos - 47. Deudas: Pr&#xE9;stamos en moneda extranjera - 48. Deudas: Deudas fiscales, remuneraciones y cargas sociales - 49. Previsiones - 50. Patrimonio neto - 51. Metodolog&#xED;a b&#xE1;sica de ajuste por inflaci&#xF3;n </subfield>
  </datafield>
  <datafield tag="041" ind1=" " ind2=" ">
    <subfield code="a">spa</subfield>
  </datafield>
  <datafield tag="942" ind1=" " ind2=" ">
    <subfield code="c">BK</subfield>
  </datafield>
  <datafield tag="590" ind1=" " ind2=" ">
    <subfield code="a">niveau_biblio:m niveau_hierar:0</subfield>
  </datafield>
  <datafield tag="100" ind1="1" ind2=" ">
    <subfield code="a">Senderovich, Paula Debora</subfield>
  </datafield>
  <datafield tag="700" ind1="1" ind2=" ">
    <subfield code="a">Senderovich, Isaac Aizik</subfield>
  </datafield>
  <datafield tag="856" ind1="4" ind2="1">
    <subfield code="u">https://biblioeco.unsa.edu.ar/pmb/images/libros/L65055.jpg</subfield>
    <subfield code="y">Imagen de portada</subfield>
    <subfield code="q">image/jpeg</subfield>
  </datafield>
  <datafield tag="999" ind1=" " ind2=" ">
    <subfield code="c">3683</subfield>
    <subfield code="d">3683</subfield>
  </datafield>
  <datafield tag="952" ind1=" " ind2=" ">
    <subfield code="0">0</subfield>
    <subfield code="1">0</subfield>
    <subfield code="4">0</subfield>
    <subfield code="7">0</subfield>
    <subfield code="a">BCEJYS</subfield>
    <subfield code="b">BCEJYS</subfield>
    <subfield code="c">16</subfield>
    <subfield code="d">2026-04-07</subfield>
    <subfield code="l">0</subfield>
    <subfield code="o">657 S475b v.3</subfield>
    <subfield code="p">L65055</subfield>
    <subfield code="r">2026-04-07 15:57:17</subfield>
    <subfield code="w">2026-04-07</subfield>
    <subfield code="y">L</subfield>
  </datafield>
</record>
